Štúdium rezistencie Neurospora crassa voči organickým kyselinám
Salvato in:
| Autore principale: | |
|---|---|
| Altri autori: | |
| Natura: | Manoscritto Libro |
| Lingua: | slovacco |
| Pubblicazione: |
2015
|
| Soggetti: | |
| Accesso online: | http://is.stuba.sk/zp/portal_zp.pl?podrobnosti=113081 |
| Tags: |
Nessun Tag, puoi essere il primo ad aggiungerne!!
|
MARC
| LEADER | 00000ntm a22000003a 4500 | ||
|---|---|---|---|
| 001 | stuzp52781 | ||
| 003 | SK-STU | ||
| 005 | 20160719154258.3 | ||
| 007 | ta | ||
| 008 | 150427s2015----xo-----f-mn---000-0-slo-d | ||
| 040 | |a STU |b slo | ||
| 041 | 0 | |a slo | |
| 100 | 1 | |a Bukovszká, Veronika |u 043260 |4 aut |U FCHPT Ústav biochémie, výživy a ochrany zdravia |T FCHPT Oddelenie biochémie a mikrobiológie |X 43365 |U C3260 |Y 113 |7 43365 | |
| 242 | 0 | 1 | |a Study of Resistance to Organic Acids in Neurospora crassa |y eng |
| 245 | 1 | 0 | |a Štúdium rezistencie Neurospora crassa voči organickým kyselinám |
| 260 | |c 2015 | ||
| 650 | 4 | |a kyselina octová |2 slo | |
| 650 | 4 | |a Neurospora |2 slo | |
| 650 | 4 | |a cdr-4 |2 slo | |
| 650 | 4 | |a rezistencia |2 slo | |
| 650 | 4 | |a acetic acid |2 eng | |
| 650 | 4 | |a Neurospora |2 eng | |
| 650 | 4 | |a cdr-4 |2 eng | |
| 650 | 4 | |a resistance |2 eng | |
| 700 | 1 | |a Kryštofová, Svetlana, |d 1968- |4 ths |X 55152 |7 A000055152 | |
| 856 | 4 | |u http://is.stuba.sk/zp/portal_zp.pl?podrobnosti=113081 | |
| SQL | |a stuzp52781 |b DDP |c SLO |d Štúdium rezistencie Neurospora crassa voči organickým kyselinám |e 43365 |f Bukovszká, Veronika |g 043260 |h 55152 |i Kryštofová, Svetlana |j 20150609 |k 560 |l 04 |m http://is.stuba.sk/zp/portal_zp.pl?podrobnosti=113081 |n I-BIOTE |o 5.2.25. biotechnológie | ||